000
00342nam a2200145Ia 4500
008
230718s9999 xx 000 0 und d
041
_a
Eng.
082
_a
346.42
_b
FRE-T
100
_a
Freeman, Michael
245
4
_a
The Family law Act 1996
260
_a
Pakistan
_b
Sweet and maxwell
_c
1996
300
_a
27/
650
_a
Law
999
_c
30169
_d
30169